Vybrané globálne tendencie rozvoja retailingových firiem
Analýza, komparácia a zhodnotenie svetového retailingového trhu z hľadiska vybraných tendencií vývoja, ktorými sú najmä internacionalizácia a postupná globalizácia obchodu, diverzifikácia foriem predaja, rozvoj e-retailingu a multikanálového retailingu.
Guardado en:
| Autor principal: | |
|---|---|
| Formato: | Capítulo de libro |
| Lenguaje: | eslovaco |
| Materias: | |
| Etiquetas: |
Sin Etiquetas, Sea el primero en etiquetar este registro!
|
MARC
| LEADER | 00000naa$a2200000$$$4500 | ||
|---|---|---|---|
| 001 | 0249693 | ||
| 005 | 20240502074009.0 | ||
| 041 | 0 | |a slo | |
| 044 | |a SK | ||
| 245 | 1 | 0 | |a Vybrané globálne tendencie rozvoja retailingových firiem |c Monika Matušovičová |
| 520 | |a Analýza, komparácia a zhodnotenie svetového retailingového trhu z hľadiska vybraných tendencií vývoja, ktorými sú najmä internacionalizácia a postupná globalizácia obchodu, diverzifikácia foriem predaja, rozvoj e-retailingu a multikanálového retailingu. | ||
| 610 | 2 | 0 | |a maloobchod |
| 610 | 2 | 0 | |a diverzifikácia |
| 610 | 2 | 0 | |a internacionalizácia |
| 610 | 2 | 0 | |a obchod elektronický |
| 610 | 2 | 0 | |a stratégia obchodná |
| 100 | 1 | |a Matušovičová, Monika, 1967- | |